000 00567nam a2200169Ia 4500
008 090201s9999 xx 000 0 und d
010 _aKPL-28520
040 _bमराठी
041 _aमराठी
082 _a29987
_b28520
100 _aप्रभाकर द. मराठे
245 _aभोवऱ्यात नाव माझी
_cप्रभाकर द. मराठे
260 _c2004
_bप्र वि बापट
300 _a374
_bमोठा
600 _aभोवऱ्यात नाव माझी
942 _cBOOK
999 _c228546
_d228546